Gynacology (Record no. 9736)

MARC details
000 -LEADER
fixed length control field 01403nam a22002057a 4500
005 - DATE AND TIME OF LATEST TRANSACTION
control field 20230619120537.0
008 - FIXED-LENGTH DATA ELEMENTS--GENERAL INFORMATION
fixed length control field 230619b ||||| |||| 00| 0 eng d
020 ## - INTERNATIONAL STANDARD BOOK NUMBER
International Standard Book Number 9781498744614
050 ## - LIBRARY OF CONGRESS CALL NUMBER
Classification number RG123.G96(20e)
100 ## - MAIN ENTRY--PERSONAL NAME
9 (RLIN) Ten Teachers,
245 ## - TITLE STATEMENT
Title Gynacology
Statement of responsibility, etc. Helena Brikerstaff et al.-
250 ## - EDITION STATEMENT
Edition statement 20th ed.
260 ## - PUBLICATION, DISTRIBUTION, ETC.
Place of publication, distribution, etc. Boca Raton
Name of publisher, distributor, etc. CRC Press,
Date of publication, distribution, etc. 2017
300 ## - PHYSICAL DESCRIPTION
Extent xviii, 254 p.:
Other physical details ill.;
Dimensions 25 cm.
500 ## - GENERAL NOTE
General note Includes index
505 ## - FORMATTED CONTENTS NOTE
Formatted contents note Contents: The development and anatomy of the female sexual organ and pelvis -- Gynaecological history, examination and investigations -- Hormonal control of the menstrual cycle and hormonal disorders -- Disorders of menstrual bleeding -- Implantation and early pregnancy -- Contraception and abortion -- Subfertility -- The menopause and postreproductive health -- Genitourinary problems -- Urogynaecology and pelvic floor problems -- Benign conditions of the ovary and pelvis -- Benign conditions of the uterus, cervix and endometrium -- Benign conditions of the vulva and vagina, psychosexual disorders and female genital mutilation -- Malignant disease of the ovary -- Malignant disease of the uterus -- Premalignant and malignant disease of the lower genital tract -- Gynaecological surgery and therapeutics.
700 ## - ADDED ENTRY--PERSONAL NAME
Personal name Bickerstaff, Helen
9 (RLIN) 1701
700 ## - ADDED ENTRY--PERSONAL NAME
Personal name Kenny, Louise C.
9 (RLIN) 1702
942 ## - ADDED ENTRY ELEMENTS (KOHA)
Source of classification or shelving scheme Library of Congress Classification
Koha item type Books
Edition 20th ed.
Classification part RG123.G96(20e)
Holdings
Withdrawn status Lost status Source of classification or shelving scheme Damaged status Not for loan Home library Current library Shelving location Date acquired Total Checkouts Full call number Barcode Date last seen Copy number Price effective from Koha item type
    Library of Congress Classification     WISCONSIN INTERNATIONAL UNIVERSITY COLLEGE, GHANA - MAIN LIBRARY WISCONSIN INTERNATIONAL UNIVERSITY COLLEGE, GHANA - MAIN LIBRARY nursing 19/06/2023   RG123.G96(20e) NURS/743/013/23 19/06/2023 1 19/06/2023 Books
    Library of Congress Classification     WISCONSIN INTERNATIONAL UNIVERSITY COLLEGE, GHANA - MAIN LIBRARY WISCONSIN INTERNATIONAL UNIVERSITY COLLEGE, GHANA - MAIN LIBRARY nursing 19/06/2023   RG123.G961(20e) NURS/744/014/23 19/06/2023 2 19/06/2023 Books
    Library of Congress Classification     WISCONSIN INTERNATIONAL UNIVERSITY COLLEGE, GHANA - MAIN LIBRARY WISCONSIN INTERNATIONAL UNIVERSITY COLLEGE, GHANA - MAIN LIBRARY nursing 19/06/2023   RG123.G962(20e) NURS/745/015/23 19/06/2023 3 19/06/2023 Books
    Library of Congress Classification     WISCONSIN INTERNATIONAL UNIVERSITY COLLEGE, GHANA - MAIN LIBRARY WISCONSIN INTERNATIONAL UNIVERSITY COLLEGE, GHANA - MAIN LIBRARY nursing 19/06/2023   RG123.G963(20e) NURS/746/016/23 19/06/2023 4 19/06/2023 Books

If you have any concerns or questions; kindly contact the library


© Powered by WIUC ICT DIRECTORATE